Analýza vybraných oblastí fiškálnej politiky v kontexte vstupu do EMÚ na príklade ČR a SR

Vládne výdavky v ČR a SR v rokoch 1995-2006. Veľkosť vládneho sektora a miera prerozdeľovania. Štruktúra verejných výdavkov. Výdavkovo náročné sektory. Saldo verejných financií. Verejný dlh. Predpokladané trendy vývoja ekonomiky ČR a SR do roku 2009.Odporúčania pre hospodársku politiku.

Salvato in:
Dettagli Bibliografici
Autore principale: Mirdala, Rajmund
Altri autori: Neupauerová, Marianna
Natura: Capitolo di libro
Lingua:slovacco
Soggetti:
Tags: Aggiungi Tag
Nessun Tag, puoi essere il primo ad aggiungerne!!

MARC

LEADER 00000naa$a2200000$$$4500
001 0089567
005 20231107072537.2
041 0 |a slo 
044 |a CZ 
245 1 0 |a Analýza vybraných oblastí fiškálnej politiky v kontexte vstupu do EMÚ na príklade ČR a SR  |c Rajmund Mirdala, Marianna Neupauerová 
520 |a Vládne výdavky v ČR a SR v rokoch 1995-2006. Veľkosť vládneho sektora a miera prerozdeľovania. Štruktúra verejných výdavkov. Výdavkovo náročné sektory. Saldo verejných financií. Verejný dlh. Predpokladané trendy vývoja ekonomiky ČR a SR do roku 2009.Odporúčania pre hospodársku politiku. 
610 2 0 |a politika fiškálna 
610 2 0 |a politika menová 
610 2 0 |a výdavky verejné 
610 2 0 |a financie verejné 
610 2 0 |a dlhy verejné 
610 2 0 |a politika hospodárska 
100 1 |a Mirdala, Rajmund 
700 1 |a Neupauerová, Marianna